000 00876nam a2200289Ia 4500
008 170203s9999 xx 000 0 und d
020 _a0 753405245
050 _a0 30
050 _bG195i 1994
100 _aGaneri, Anita, 1961-
245 4 _aThe wind blows and other questions about our planet /
245 _cAnita Ganeri.
260 _aDanbury, Connecticut :
260 _bGrolier,
260 _c2003
300 _a32 pages :
300 _bcolor illustrations ;
300 _c29 cm.
440 _aI wonder why series.
500 _aOriginally published: London : Kingfisher, c1994.
650 _aChildren's questions and answers.
650 _aEarth (Planet) -- Miscellanea --
650 _aGeophysics -- Miscellanea --
650 _xJuvenile literature.
650 _xJuvenile literature.
700 _aI wonder why the wind blows., Title.
999 _c305619
_d305619